| 000 | 00000nam 2200000za 4500 |
| 001 | 9.816762 |
| 003 | CaOODSP |
| 005 | 20250506145325 |
| 007 | cr ||||||||||| |
| 008 | 160503t19931992oncao |o f000 0 fre d |
| 020 | |z0-662-97864-1 |
| 040 | |aCaOODSP|bfre |
| 043 | |an-cnp-- |
| 086 | 1 |aA53-1887/1992F-PDF|zA53-1187/1992F |
| 100 | 1 |aKiehn, Ferdinand A. |
| 245 | 10|aCultures de remplacement pour les Prairies |h[ressource électronique] / |cFerdinand A. Kiehn et Mel Reimer. |
| 260 | |aOttawa : |bAgriculture Canada,|c1993, c1992. |
| 300 | |a46 p. : |bill. |
| 500 | |a« Production du Service aux programmes de recherches. » |
| 500 | |aPublié aussi en anglais sous le titre : Alternative crops for the Prairies. |
| 500 | |aPublication historique numérisée par Agriculture et Agroalimentaire Canada. |
| 505 | 2 |aHaricot azuki -- Amarante -- Bourrache officinale -- Carvi -- Coriandre -- Onagre -- Fenugrec -- Millet d'Italie -- Crosne du Japon -- Topinambour -- Gesse (Lathyrus) -- Monarde -- Niger -- Pavot -- Millet commun -- Quinoa -- Haricot tépary. |
| 692 | 07|2gccst|aCultures |
| 692 | 07|2gccst|aAgriculture |
| 700 | 1 |aReimer, Mel. |
| 710 | 1 |aCanada.|bAgriculture Canada. |
| 775 | 08|tAlternative crops for the Prairies |w(CaOODSP)9.816749 |
| 776 | 0#|tCultures de remplacement pour les Prairies / |w(CaOODSP)9.678444 |
| 856 | 40|qPDF|s4.74 Mo|uhttps://publications.gc.ca/collections/collection_2016/aac-aafc/agrhist/A53-1887-1992-fra.pdf |
| 986 | |aPublication 1887/F |